000 00672nam a2200181 i 4500
001 55741
003 ES-MaACL
005 20230907174527.0
007 t|
008 030925s1934 sp ||||1| spa d
100 1 _aDe Viti de Marco, Antonio.
_943082
245 1 0 _aPrincipios fundamentales de economía financiera /
_cAntonio De Viti de Marco ; traducción de la edición alemana ; con notas relativas a la legislación española por Pío Ballesteros.
260 _aMadrid :
_bRevista de Derecho Privado,
_c1934 (
_fGalo Sáez)
300 _a413 p. ;
_c24 cm.
700 1 _aBallesteros, Pío,
_d1882-1952
_925043
852 _aES-MaACL
_jA-1796
999 _c55741
_d55741